[Event "ROM-ch U10 Girls"]
[Site "Voineasa"]
[Date "2008.04.15"]
[Round "5"]
[White "Vaduva, Georgiana Catalina"]
[Black "Hategan, Ecaterina Dalia"]
[Result "1-0"]
[WhiteElo "401"]
[BlackElo "401"]
[PlyCount "37"]
[EventDate "2008.04.08"]
[EventType "swiss"]
[EventRounds "9"]
[EventCountry "ROU"]
[SourceTitle "EXT 2013"]
[Source "ChessBase"]
[SourceDate "2012.11.22"]
[SourceVersion "1"]
[SourceVersionDate "2012.11.22"]
[SourceQuality "1"]

1. e4 e5 2. Nf3 Nc6 3. Nc3 Bc5 4. Bc4 d6 5. 0-0 Bg4 6. d3 Nf6 7. Bg5 0-0 8. Re1 h6 9. Be3 Bxe3 10. Rxe3 Nd4 11. Rc1 Nh5 12. h3 Be6 13. Bxe6 fxe6 14. Ne2 Nf4 15. Nexd4 exd4 16. Nxd4 Qh4 17. g3 Qxh3 18. gxf4 Rxf4 19. Rxh3 1-0